| 000 | 01035nam a2200337 4500 | ||
|---|---|---|---|
| 003 | data | ||
| 004 | data | ||
| 005 | 20260322212027.0 | ||
| 008 | data | ||
| 010 | _a 88032697 | ||
| 020 | _a1556700636 | ||
| 020 | _a9781556700637 | ||
| 040 |
_aDLC _cDLC _dMYG |
||
| 043 | _an-us--- | ||
| 050 | 0 | 0 |
_aE185.86 _b.L355 1989 |
| 092 | _a305.4 L355 1989 | ||
| 245 | 0 | 0 |
_aI dream a world : _bportraits of black women who changed America / _cedited by Brian Lanker & Barbara Summers. |
| 260 |
_aNew York : _bDistributed in the U.S. by Workman Pub., _bDistributed in the U.S. by Workman Pub., _c1989. |
||
| 300 |
_a167 p. : _bports. ; _c29 cm. |
||
| 336 |
_atext _btxt _2rdacontent |
||
| 337 |
_aunmediated _bn _2rdamedia |
||
| 338 |
_avolume _bnc _2rdacarrier |
||
| 500 | _aIncludes index. | ||
| 650 | 0 |
_aAfrican American women _vPortraits. |
|
| 650 | 0 |
_aAfrican American women _vInterviews. |
|
| 655 | 7 |
_aPortraits. _2lcgft |
|
| 655 | 7 |
_aInterviews. _2lcgft |
|
| 700 | 1 | _aLanker, Brian. | |
| 700 | 1 |
_aSummers, Barbara, _d1944- |
|
| 001 | data | ||
| 999 |
_c621 _d621 |
||